| 000 | 00580nam a22001697a 4500 | ||
|---|---|---|---|
| 008 | 230320b |||||||| |||| 00| 0 eng d | ||
| 020 | _a | ||
| 040 |
_aNational Science Library _cNational Science Library |
||
| 080 | _aD 655.3(05) | ||
| 245 |
_aAdvances in printing science and technology: _bProceedings of the 13th international conference of printing research institutes, Wildhaus, Switzerland, May 1975 |
||
| 260 |
_aLondon: _bPentech Press. _c1975 |
||
| 300 | _a467p. | ||
| 650 | _aPrinting | ||
| 653 | _aTechnology | ||
| 700 | _aBanks, W. H. (Ed.) | ||
| 942 |
_2udc _cPR |
||
| 999 |
_c58166 _d58166 |
||